Memorias XIII seminario americano de apicultura

Saved in:
Bibliografiske detaljer
Format: Bog
Sprog:spansk
engelsk
Udgivet: Ciudad de México s.n 2000
Fag:
Tags: Tilføj Tag
Ingen Tags, Vær først til at tagge denne postø!

MARC

LEADER 00000nam a2200000 a 4500
001 UCM8031
003 CL-VaPUC
005 20241218094241.0
008 030117e20000000mx 1 spa d
041 0 7 |a spa  |2 CL-VaPUC 
041 0 7 |a eng  |2 CL-VaPUC 
082 0 4 |a 638.1  |b MEM  |2 21 
245 1 0 |a Memorias XIII seminario americano de apicultura 
260 |a Ciudad de México  |b s.n  |c 2000 
300 |a pág. irreg 
583 |a last modification  |c 20180109 11:12:44  |k Rodrigo Vera 
650 0 0 |a Apicultura   |9 264400 
650 0 0 |a Producción industrial  |9 307907 
650 0 0 |a Miel de abejas  |9 417524 
651 0 |a México  |9 255269 
651 7 |a MICHOACAN  |2 CL-VaPUC  |9 433281 
942 |c BK 
945 |a cmena  |d 20030117 00:00:00 
546 |a En Español 
546 |a En Inglés 
518 |p Seminario Americano de Apicultura, 13, Michoacán, 26 al 28 de agosto de 1999 
999 |c 383833  |d 383831 
952 |0 0  |1 0  |4 0  |6 638_100000000000000_MEM_2000  |7 0  |8 A  |9 506115  |a BIBAGR  |b BIBAGR  |d 2020-01-23  |i 3866408  |o 638.1 MEM 2000  |p 3866408  |r 2025-01-20  |w 2020-01-23  |y BK  |k AGR